Statistics for Star Trek: The Next Generation Hard Quiz

Click here to take the quiz!

General Stats

  • This quiz has been taken 1,625 times
  • The average score is 18 of 38

Answer Stats

HintAnswer% Correct
What is the name of Data's brother?Lore
92%
In what season does Riker begin sporting a beard?2
89%
What city is Starfleet Academy located in?San Francisco
84%
What musical instrument does Picard learn to play in "The Inner Light"?Flute/Recorder
81%
What is the name of the implement LaForge uses for seeing?VISOR
81%
Who does Troi marry in "Nemesis"?Will Riker
79%
What is the name of Lt. Worf's son?Alexander
77%
What is Troi's favorite food?Chocolate
75%
What is the name of Data's creator?Dr. Noonien Soong
73%
Computer Voice
72%
Who delivered the above child?Lt. Worf
71%
What movie studio owns the rights to Star Trek?Paramount
64%
Nicholas Locarno, the leader of the above, plays what other character on Star Trek: Voyager?Tom Paris
64%
Creator Gene Roddenberry's wife, Majel Barrett, played what two parts on TNG?Lwaxana Troi
59%
How old was Riker when his father abandoned him?15
58%
What US state is Will Riker from?Alaska
56%
Who replaced her as Chief Medical officer during this time?Katherine Pulaski
53%
What is the name of Miles and Keiko O'Brien's first child?Molly O'Brien
49%
During season two, Crusher left the Enterprise to act as head of what organization?Starfleet Medical
49%
What is the first name of Beverly Crusher's late husband?Jack
44%
The actress who played Tasha Yar is the granddaughter of what famous crooner?Bing Crosby
43%
What is responsible for the death of Picard's extended family in "Generations"?Fire
43%
Who is the Academy gardener who befriended Cpt. Picard and Wesley Crusher?Boothby
42%
What is the name of Deanna Troi's son in the episode "The Child"?Ian Andrew Troi II
41%
What colony's destruction resulted in the death of Worf's parents?Khitomer
35%
What is the Klingon house to which Worf belongs?Martok
30%
What is the first ship Riker is assigned to after Starfleet Academy?USS Pegasus
29%
What is the name of the daughter Tasha has that the Enterprise encounters in normal time?Sela
27%
What was the nickname of Data's creator?Often Wrong
26%
Who is LaForge married to in the finale "All Good Things..."?Dr. Leah Brahms
25%
What is the name of the game Data plays against Sirma Kolrami in the episode "Peak Performance"?Strategema
20%
What is the name of Picard's hometown?LaBarre, France
19%
What is the name of Tasha Yar's sister, seen in the episode "Legacy"?Ishara Yar
15%
What is Beverly Crusher's maiden name?Howard
14%
What African country was Georgi LaForge born in?Somalia
13%
What is the name of the flying group Wesley Crusher is part of at the Academy?Nova Squadron
12%
What race is Sirma Kolrami?Zakdorn
10%
What company made the Star Trek action figures?Playmates
6%

Score Distribution

Percentile by Number Answered

Percent of People with Each Score

Your Score History

You have not taken this quiz